Statistics for Gayle:Discography

Click here to take the quiz!

General Stats

  • This quiz has been taken 35 times
    (29 since last reset)
  • The average score is 2 of 11

Answer Stats

Songs% Correct
Abcdefu
93%
Z
29%
Dumbass
21%
sleeping with my
friends
21%
Ur just horny
21%
luv starved
14%
Orange Peel
14%
e-z
7%
kiddie pool
7%
Don't Trip
0%
Happy for you
0%

Score Distribution

Percentile by Number Answered

Percent of People with Each Score

Your Score History

You have not taken this quiz since the last reset